Faktoring w przedsiebiorstwie

Salvato in:
Dettagli Bibliografici
Autore principale: Kreczmanska, Katarzyna
Natura: Libro
Lingua:polacco
Pubblicazione: Warszawa Wydawnictwo BART 1999
Serie:Informator Instytucje faktoringowe
Soggetti:
Tags: Aggiungi Tag
Nessun Tag, puoi essere il primo ad aggiungerne!!

MARC

LEADER 00000nam a2200000 4500
001 c120317
005 20221221082328.3
020 |a 83-88016-02-4 
041 0 |a pol 
044 |a PL 
245 1 0 |a Faktoring w przedsiebiorstwie  |c Katarzyna Kreczmanska 
264 1 |a Warszawa  |b Wydawnictwo BART  |c 1999 
300 |a 107 s. 
490 1 |a Informator  |v Instytucje faktoringowe 
830 0 |a Informator  |v Instytucje faktoringowe 
610 2 0 |a faktoring 
610 2 0 |a podnik 
610 2 0 |a financovanie 
610 2 0 |a firmy 
610 2 0 |a služby 
610 2 0 |a dlžníci 
100 1 |a Kreczmanska, Katarzyna